000 00581cac a22001691u 4500
090 _c1092
008 081126t 2002xxu||||| |||| 00| 0 eng d
020 _a8176493201
082 0 0 _a657.42
_bHAR
100 _aHarris, E.
245 1 0 _aMarginal costing/
_cE Harries
260 _aNew Delhi :
_bViva books private limited,
_c2002
300 _a102 p. ;
_c24 cm.
650 0 _aCost accounting.
942 _cBB
_k657.42HAR
_2ddc
999 _c1092
_d1092